000 00377pab a2200145 454500
008 180718b1987 xxu||||| |||| 00| 0 eng d
100 _aDurotoye, Yomi
245 _aPerspectives in legislative studies
260 _c1987
300 _a27-38
362 _aJan.-Jun.
650 _aLegislators
773 _aJournal of Constitutional and Parliamentary Studies
909 _a12538
999 _c12538
_d12538